00230nam a2200073Ia 450000500170000000800410001708200210005824500770007920251222175818.0251222s9999||||xx |||||||||||||| ||spa|| aDVD0090/B27/2004 0aKarol: el hombre que se convirtió en Papa:Karol: a man who became Pope